[Event "FICGS W-ch st1 g14 email"]
[Site "FICGS email"]
[Date "2009.02.03"]
[Round "1"]
[White "Miranda, Marcus"]
[Black "Vasquez, Fernando Jose Pinto"]
[Result "1-0"]
[WhiteElo "2162"]
[BlackElo "1981"]
[PlyCount "141"]
[EventDate "2009.??.??"]
[EventType "tourn (corr)"]
[EventRounds "8"]
[SourceTitle "Corr 2022"]
[Source "ChessBase"]
[SourceDate "2021.10.24"]
[SourceVersion "1"]
[SourceVersionDate "2021.10.24"]
[SourceQuality "1"]

1. d4 d5 2. c4 dxc4 3. Nf3 Nf6 4. e3 g6 5. Bxc4 Bg7 6. 0-0 0-0 7. Nc3 Nc6 8. h3 Nh5 9. a3 b6 10. Qc2 Bf5 11. Qe2 Bc8 12. Rd1 Bb7 13. Qc2 Re8 14. Rb1 e6 15. d5 exd5 16. Nxd5 Ne5 17. Nxe5 Bxe5 18. Nxb6 Be4 19. Rxd8 Bxc2 20. Rxa8 Rxa8 21. Nxa8 Bxb1 22. f3 c5 23. g4 Ng3 24. Kg2 Bb8 25. Bd2 Ne4 26. Ba5 Be5 27. b3 Bc2 28. Kg1 Nd6 29. Bd5 Nc8 30. Kf2 Ne7 31. Bc4 Bb2 32. Ke2 Nc6 33. Bc7 Bxa3 34. Kd2 Bb1 35. Bb5 Nb4 36. Be5 Ba2 37. Bc4 Nc6 38. Bc3 Bb1 39. Nc7 Kf8 40. Nb5 Bb4 41. Bxb4 Nxb4 42. Nxa7 h6 43. Nb5 g5 44. e4 Ba2 45. Kc1 Bxb3 46. Bxb3 Nd3+ 47. Kd2 Ne5 48. Ke3 Ke7 49. Ba2 c4 50. f4 gxf4+ 51. Kxf4 Ng6+ 52. Kg3 Ne5 53. h4 Kf6 54. Na3 c3 55. Bb1 Kg7 56. Nb5 h5 57. gxh5 Kh6 58. Nxc3 Kxh5 59. Nd5 Kg6 60. Kf4 Nc6 61. e5+ Kh5 62. Nc3 Nd4 63. Ba2 Kg6 64. h5+ Kg7 65. Bd5 Nc2 66. Kg5 Nb4 67. h6+ Kh7 68. Bxf7 Nc6 69. Bg6+ Kh8 70. Kf6 Nd8 71. e6 1-0

[Event "LSS CP-2007-Q-00010"]
[Site "LSS email"]
[Date "2009.01.15"]
[Round "?"]
[White "Miranda, Marcus"]
[Black "Fineboim, Igor"]
[Result "1-0"]
[WhiteElo "2090"]
[BlackElo "2123"]
[PlyCount "97"]
[EventDate "2009.01.15"]
[EventType "tourn (corr)"]
[EventRounds "6"]
[EventCountry "GER"]
[SourceTitle "Telechess CBM 137"]
[Source "ChessBase"]
[SourceDate "2010.07.15"]
[SourceVersion "1"]
[SourceVersionDate "2010.07.15"]
[SourceQuality "1"]

1. d4 Nf6 2. c4 e6 3. Nf3 Bb4+ 4. Nbd2 0-0 5. a3 Bxd2+ 6. Bxd2 b6 7. Bg5 h6 8. Bh4 Bb7 9. e3 d6 10. Bd3 Nbd7 11. 0-0 c5 12. Bg3 d5 13. cxd5 exd5 14. Nd2 Qe7 15. h3 a5 16. Bf5 Ba6 17. Re1 g6 18. Bc2 Rfe8 19. Bf4 Rac8 20. Bxh6 cxd4 21. Nf3 dxe3 22. Rxe3 Ne4 23. Bb3 Ndf6 24. Qd4 Qd6 25. Rae1 Bc4 26. Ba4 Red8 27. Rd1 Qe7 28. Qxb6 Qc5 29. Qxc5 Nxc5 30. Bc2 Re8 31. Rxe8+ Rxe8 32. Be3 Nb3 33. Nd4 a4 34. Bxb3 axb3 35. Nc6 Nh5 36. Nb4 Rd8 37. a4 Ng7 38. a5 Ne6 39. Bb6 Rd6 40. g3 g5 41. Rc1 Kg7 42. Kg2 Kg6 43. Kf3 f5 44. Ke3 f4+ 45. Kd2 Kf5 46. Re1 Kf6 47. Kc3 g4 48. h4 Kf5 49. Bd4 1-0

[Event "LSS SA-2008-0-00029"]
[Site "LSS email"]
[Date "2008.09.23"]
[Round "?"]
[White "Miranda, Marcus"]
[Black "Lanin, Boris Aleksandrovic"]
[Result "1-0"]
[WhiteElo "2070"]
[BlackElo "1994"]
[PlyCount "81"]
[EventDate "2008.09.18"]
[EventType "tourn (corr)"]
[EventRounds "6"]
[EventCountry "GER"]
[SourceTitle "Corr 2011"]
[Source "ChessBase"]
[SourceDate "2010.08.31"]
[SourceVersion "1"]
[SourceVersionDate "2010.08.31"]
[SourceQuality "1"]

1. d4 g6 2. c4 Bg7 3. Nc3 d6 4. e4 Nc6 5. Be3 e5 6. d5 Nce7 7. c5 f5 8. Bb5+ Kf8 9. Nf3 a6 10. Bd3 h6 11. Qb3 Nf6 12. 0-0 f4 13. cxd6 Qxd6 14. Bxf4 Nh5 15. Bd2 Kg8 16. Nd1 c5 17. Rc1 b5 18. Qa3 Bg4 19. Ne1 Kh7 20. Ne3 Bd7 21. Qxc5 Qf6 22. Qc7 Rhd8 23. d6 Nc6 24. Rxc6 Bxc6 25. Qxc6 Qxd6 26. Qxd6 Rxd6 27. Nd5 Nf6 28. Bb4 Rc6 29. Nf3 Re8 30. Rd1 Rcc8 31. Ne3 Nh5 32. g3 Rc6 33. Ng4 Rce6 34. Kg2 Rd8 35. Ba5 Rd7 36. a3 Bh8 37. Bc3 Rde7 38. Bb1 Bg7 39. Ba2 Rc6 40. Bb4 Re8 41. Bf7 1-0

[Event "LSS SA-2008-0-00029"]
[Site "LSS email"]
[Date "2008.09.22"]
[Round "?"]
[White "Vyzharov, Ivan"]
[Black "Miranda, Marcus"]
[Result "1/2-1/2"]
[WhiteElo "2161"]
[BlackElo "2043"]
[PlyCount "44"]
[EventDate "2008.09.18"]
[EventType "tourn (corr)"]
[EventRounds "6"]
[EventCountry "GER"]
[SourceTitle "Corr 2011"]
[Source "ChessBase"]
[SourceDate "2010.08.31"]
[SourceVersion "1"]
[SourceVersionDate "2010.08.31"]
[SourceQuality "1"]

1. d4 Nf6 2. c4 e6 3. Nc3 Bb4 4. e3 0-0 5. Nge2 d5 6. a3 Be7 7. cxd5 exd5 8. b4 c6 9. Nf4 b5 10. a4 Bxb4 11. Bd2 bxa4 12. Qxa4 a5 13. Be2 Bf5 14. 0-0 Nbd7 15. Rac1 Rc8 16. f3 h6 17. Qa2 Re8 18. Ba6 Rb8 19. Na4 Qc7 20. Bd3 Bxd3 21. Nxd3 Bd6 22. h3 Nh5 1/2-1/2

[Event "LSS SA-2008-0-00029"]
[Site "LSS email"]
[Date "2008.09.21"]
[Round "?"]
[White "Miranda, Marcus"]
[Black "Shishkin, Victor A"]
[Result "1/2-1/2"]
[WhiteElo "2024"]
[BlackElo "2057"]
[PlyCount "87"]
[EventDate "2008.09.18"]
[EventType "tourn (corr)"]
[EventRounds "6"]
[EventCountry "GER"]
[SourceTitle "Corr 2011"]
[Source "ChessBase"]
[SourceDate "2010.08.31"]
[SourceVersion "1"]
[SourceVersionDate "2010.08.31"]
[SourceQuality "1"]

1. d4 d5 2. c4 e6 3. Nc3 Nf6 4. Nf3 Be7 5. Bg5 0-0 6. e3 h6 7. Bh4 Ne4 8. Bxe7 Qxe7 9. Rc1 Nxc3 10. Rxc3 c6 11. Bd3 dxc4 12. Bxc4 Nd7 13. 0-0 e5 14. Qc2 exd4 15. Nxd4 Ne5 16. Be2 Rd8 17. h3 Rd6 18. Qe4 Bd7 19. Rd1 Re8 20. Rcc1 Qg5 21. f4 Qh4 22. Nf5 Bxf5 23. Qxf5 Rf6 24. Qe4 Rfe6 25. Qc2 Ng6 26. Bc4 Re4 27. Rd7 R4e7 28. Qf5 Rxd7 29. Qxd7 Qe7 30. Qxe7 Nxe7 31. Rd1 b5 32. Bb3 g5 33. Rd7 a5 34. a3 gxf4 35. exf4 c5 36. Ba2 c4 37. Rb7 Nd5 38. Rxb5 c3 39. Kh2 Re1 40. Rb8+ Kg7 41. bxc3 Nxc3 42. Bb3 a4 43. Bc4 Re4 44. Rc8 1/2-1/2

[Event "FICGS class A 000045 email"]
[Site "FICGS email"]
[Date "2008.09.03"]
[Round "1"]
[White "Malpalma, Joaquim"]
[Black "Miranda, Marcus"]
[Result "0-1"]
[WhiteElo "1982"]
[BlackElo "2069"]
[PlyCount "78"]
[EventDate "2008.??.??"]
[EventType "tourn (corr)"]
[EventRounds "6"]
[SourceTitle "Corr 2022"]
[Source "ChessBase"]
[SourceDate "2021.10.24"]
[SourceVersion "1"]
[SourceVersionDate "2021.10.24"]
[SourceQuality "1"]

1. c4 e5 2. Nc3 Nf6 3. Nf3 Nc6 4. g3 d5 5. cxd5 Nxd5 6. Bg2 Nb6 7. 0-0 Be7 8. d3 0-0 9. a3 Be6 10. b4 a5 11. Be3 axb4 12. axb4 Bxb4 13. Ne4 Qe7 14. Qc2 Nd5 15. Bc5 Bxc5 16. Qxc5 f6 17. d4 Nxd4 18. Nxd4 exd4 19. Rxa8 Rxa8 20. Qxd4 Ra5 21. Nc3 Nxc3 22. Qxc3 b6 23. Qd3 Qd7 24. Qb1 g6 25. Rd1 Qb5 26. Qc1 Qe5 27. f4 Qc5+ 28. Qxc5 Rxc5 29. Rd8+ Kf7 30. Bf3 Ke7 31. Rh8 h5 32. Kf2 b5 33. Rb8 c6 34. h4 Rc4 35. e4 Rc2+ 36. Ke3 Rc3+ 37. Kf2 Bg4 38. Bxg4 hxg4 39. Rb7+ Kd6 0-1

[Event "FICGS W-ch final email"]
[Site "FICGS email"]
[Date "2008.08.22"]
[Round "1"]
[White "Miranda, Marcus"]
[Black "Borisovs, Leonids"]
[Result "1/2-1/2"]
[WhiteElo "2019"]
[BlackElo "2170"]
[PlyCount "45"]
[EventDate "2008.??.??"]
[EventType "tourn (corr)"]
[EventRounds "6"]
[EventCategory "5"]
[SourceTitle "Corr 2022"]
[Source "ChessBase"]
[SourceDate "2021.10.24"]
[SourceVersion "1"]
[SourceVersionDate "2021.10.24"]
[SourceQuality "1"]

1. d4 Nf6 2. c4 g6 3. Nc3 Bg7 4. e4 d6 5. Nf3 0-0 6. Be2 e5 7. 0-0 Nc6 8. d5 Ne7 9. Ne1 Nd7 10. Be3 f5 11. f3 f4 12. Bf2 g5 13. a4 a5 14. Nd3 b6 15. Be1 Nf6 16. Nf2 h5 17. h3 Kh8 18. Nb5 Neg8 19. b4 Nd7 20. bxa5 bxa5 21. Rc1 Ngf6 22. Nd3 g4 23. c5 1/2-1/2

[Event "FICGS W-ch final email"]
[Site "FICGS email"]
[Date "2008.08.22"]
[Round "1"]
[White "Miranda, Marcus"]
[Black "Zubac, Marius"]
[Result "1/2-1/2"]
[WhiteElo "2019"]
[BlackElo "2466"]
[PlyCount "35"]
[EventDate "2008.??.??"]
[EventType "tourn (corr)"]
[EventRounds "6"]
[EventCategory "5"]
[SourceTitle "Corr 2022"]
[Source "ChessBase"]
[SourceDate "2021.10.24"]
[SourceVersion "1"]
[SourceVersionDate "2021.10.24"]
[SourceQuality "1"]

1. d4 d5 2. c4 e6 3. Nc3 c6 4. e3 Nf6 5. Nf3 a6 6. Bd3 dxc4 7. Bxc4 c5 8. a4 Nc6 9. 0-0 Be7 10. dxc5 Qxd1 11. Rxd1 Bxc5 12. Bd2 b6 13. Bd3 Nb4 14. Be2 Bb7 15. a5 bxa5 16. Rxa5 Be7 17. Na4 Nc6 18. Nb6 1/2-1/2

[Event "LSS SB-2008-0-00022"]
[Site "LSS email"]
[Date "2008.08.15"]
[Round "?"]
[White "Bujdak, Pavol"]
[Black "Miranda, Marcus"]
[Result "1/2-1/2"]
[WhiteElo "2042"]
[BlackElo "2024"]
[PlyCount "62"]
[EventDate "2008.07.23"]
[EventType "tourn (corr)"]
[EventRounds "6"]
[EventCountry "GER"]
[SourceTitle "Corr 2011"]
[Source "ChessBase"]
[SourceDate "2010.08.31"]
[SourceVersion "1"]
[SourceVersionDate "2010.08.31"]
[SourceQuality "1"]

1. e4 c5 2. Nf3 d6 3. d4 cxd4 4. Nxd4 Nf6 5. Nc3 a6 6. Bg5 e6 7. f4 Qb6 8. Qd3 Qxb2 9. Rb1 Qa3 10. f5 Be7 11. Be2 Qa5 12. Bd2 Qc7 13. fxe6 fxe6 14. g4 h6 15. e5 dxe5 16. Qg6+ Kd8 17. Nf3 Rf8 18. Rf1 Ne8 19. g5 Bd7 20. Ne4 Nc6 21. gxh6 gxh6 22. Bxh6 Rf5 23. c3 Kc8 24. Rd1 Kb8 25. Nfg5 Nd8 26. Rd2 Ka7 27. h4 Rc8 28. h5 Ka8 29. Bg4 Rxf1+ 30. Kxf1 Qb6 31. Qh7 Rc7 1/2-1/2

[Event "LSS OP-2008-0-00590"]
[Site "LSS email"]
[Date "2008.08.02"]
[Round "?"]
[White "Miranda, Marcus"]
[Black "Galvein, Prospero"]
[Result "1-0"]
[WhiteElo "2096"]
[BlackElo "399"]
[PlyCount "59"]
[EventDate "2008.07.31"]
[EventType "tourn (corr)"]
[EventRounds "4"]
[EventCountry "GER"]
[SourceTitle "Corr 2015"]
[Source "ChessBase"]
[SourceDate "2015.07.17"]
[SourceVersion "1"]
[SourceVersionDate "2015.07.17"]
[SourceQuality "1"]

1. d4 e6 2. c4 Nf6 3. Nf3 Bb4+ 4. Bd2 a5 5. Nc3 d5 6. e3 0-0 7. Be2 Nc6 8. 0-0 Ne4 9. Rc1 f5 10. cxd5 exd5 11. Nxd5 Qxd5 12. Bc4 Be6 13. Bxd5 Bxd5 14. Bxb4 Nxb4 15. Rxc7 h6 16. Ne5 Na6 17. Re7 Ng5 18. Qh5 f4 19. exf4 Rxf4 20. Rxg7+ Kxg7 21. Qg6+ Kh8 22. Qxh6+ Nh7 23. Ng6+ Kg8 24. Ne7+ Kh8 25. Qxf4 Rf8 26. Qe5+ Nf6 27. Nxd5 Kg7 28. Qg5+ Kh8 29. Nxf6 Rxf6 30. Qxf6+ 1-0

[Event "LSS SB-2008-0-00020"]
[Site "LSS email"]
[Date "2008.08.01"]
[Round "?"]
[White "Miranda, Marcus"]
[Black "Bukharin, Alexey"]
[Result "1/2-1/2"]
[WhiteElo "1988"]
[BlackElo "1833"]
[PlyCount "51"]
[EventDate "2008.07.22"]
[EventType "tourn (corr)"]
[EventRounds "6"]
[EventCountry "GER"]
[SourceTitle "Corr 2011"]
[Source "ChessBase"]
[SourceDate "2010.08.31"]
[SourceVersion "1"]
[SourceVersionDate "2010.08.31"]
[SourceQuality "1"]

1. d4 d5 2. c4 dxc4 3. e4 c5 4. d5 e6 5. Bxc4 Nf6 6. Nc3 exd5 7. exd5 a6 8. Nf3 Bd6 9. Qe2+ Kf8 10. a4 Bg4 11. h3 Bxf3 12. Qxf3 Nbd7 13. 0-0 Ne5 14. Qe2 Nxc4 15. Qxc4 h6 16. Re1 Kg8 17. Bd2 Qd7 18. Ne4 Nxe4 19. Qxe4 Rd8 20. Rad1 b5 21. b3 h5 22. axb5 axb5 23. Qf3 h4 24. Re4 f6 25. Bf4 Qf5 26. Qe3 1/2-1/2

[Event "FICGS class A 000044 email"]
[Site "FICGS email"]
[Date "2008.07.28"]
[Round "1"]
[White "Sharland, Michael"]
[Black "Miranda, Marcus"]
[Result "1/2-1/2"]
[WhiteElo "2033"]
[BlackElo "2019"]
[PlyCount "77"]
[EventDate "2008.??.??"]
[EventType "tourn (corr)"]
[EventRounds "6"]
[SourceTitle "Corr 2022"]
[Source "ChessBase"]
[SourceDate "2021.10.24"]
[SourceVersion "1"]
[SourceVersionDate "2021.10.24"]
[SourceQuality "1"]

1. e4 c5 2. Nf3 d6 3. d4 cxd4 4. Nxd4 Nf6 5. Nc3 a6 6. Bg5 e6 7. f4 Qb6 8. Qd2 Qxb2 9. Rb1 Qa3 10. f5 Nc6 11. fxe6 fxe6 12. Nxc6 bxc6 13. Be2 Be7 14. 0-0 0-0 15. Rb3 Qc5+ 16. Be3 Qe5 17. Bf4 Qc5+ 18. Kh1 Ng4 19. h3 e5 20. Na4 Qa7 21. hxg4 exf4 22. Bc4+ Kh8 23. Nb6 d5 24. exd5 cxd5 25. Bxd5 Rb8 26. Nxc8 Rbxc8 27. Rh3 Qb6 28. Re1 Rce8 29. Qe2 h6 30. Rh5 Qg6 31. Be4 Qe6 32. Bd3 Qxe2 33. Rxe2 Bg5 34. Rxe8 Rxe8 35. Bxa6 Re1+ 36. Kh2 Ra1 37. Bc4 Rc1 38. Bd3 Ra1 39. Bc4 1/2-1/2

[Event "IECG WC Cand email"]
[Site "IECG email"]
[Date "2008.02.15"]
[Round "?"]
[White "Miranda, Marcus"]
[Black "Blair, Matthew"]
[Result "1-0"]
[WhiteElo "1812"]
[BlackElo "1531"]
[PlyCount "57"]
[EventDate "2008.02.15"]
[EventType "tourn (corr)"]
[EventRounds "6"]
[SourceTitle "Corr 2011"]
[Source "ChessBase"]
[SourceDate "2010.08.31"]
[SourceVersion "1"]
[SourceVersionDate "2010.08.31"]
[SourceQuality "1"]

1. d4 Nf6 2. c4 e6 3. Nc3 Bb4 4. f3 0-0 5. a3 Bxc3+ 6. bxc3 Ne8 7. e4 b6 8. Bd3 Ba6 9. Nh3 Nc6 10. 0-0 Na5 11. Qe2 c5 12. e5 f6 13. Ra2 Rc8 14. Rc2 Qe7 15. Re1 cxd4 16. cxd4 fxe5 17. dxe5 Nc7 18. Ng5 h6 19. Ne4 Nb7 20. Bd2 Qxa3 21. Rb1 Nc5 22. Rc3 Qa5 23. Rcb3 Qa4 24. Nxc5 bxc5 25. Qe4 Rf5 26. g4 Rf7 27. Qh7+ Kf8 28. Be3 Ne8 29. Bg6 1-0

[Event "FICGS W-ch st2 g03 email"]
[Site "FICGS email"]
[Date "2008.01.17"]
[Round "1"]
[White "Miranda, Marcus"]
[Black "Kotlyanskiy, Edward"]
[Result "1/2-1/2"]
[WhiteElo "1932"]
[BlackElo "2292"]
[PlyCount "33"]
[EventDate "2008.??.??"]
[EventType "tourn (corr)"]
[EventRounds "8"]
[SourceTitle "Corr 2022"]
[Source "ChessBase"]
[SourceDate "2021.10.24"]
[SourceVersion "1"]
[SourceVersionDate "2021.10.24"]
[SourceQuality "1"]

1. d4 Nf6 2. c4 e6 3. Nf3 d5 4. Nc3 Bb4 5. Bg5 Nbd7 6. cxd5 exd5 7. e3 c5 8. Bd3 Qa5 9. Qc2 c4 10. Bf5 0-0 11. 0-0 Re8 12. Nd2 g6 13. Bxd7 Nxd7 14. h4 Nb6 15. Nb3 Qa6 16. Nc5 Qa5 17. Nb3 1/2-1/2

[Event "FICGS W-ch st1 g01 email"]
[Site "FICGS email"]
[Date "2008.01.08"]
[Round "1"]
[White "Kopasov, Evgeny Aleksandrovi"]
[Black "Miranda, Marcus"]
[Result "1/2-1/2"]
[WhiteElo "2275"]
[BlackElo "1932"]
[PlyCount "57"]
[EventDate "2008.??.??"]
[EventType "tourn (corr)"]
[EventRounds "8"]
[SourceTitle "Corr 2022"]
[Source "ChessBase"]
[SourceDate "2021.10.24"]
[SourceVersion "1"]
[SourceVersionDate "2021.10.24"]
[SourceQuality "1"]

1. d4 Nf6 2. c4 e6 3. Nc3 Bb4 4. Qc2 0-0 5. a3 Bxc3+ 6. Qxc3 b6 7. Nf3 Bb7 8. e3 d6 9. Be2 a5 10. b3 Ne4 11. Qc2 f5 12. 0-0 Nd7 13. Bb2 Qe7 14. Ne1 Qg5 15. Qc1 Qe7 16. Nd3 e5 17. Qc2 Rae8 18. dxe5 dxe5 19. Rad1 c5 20. f3 Nd6 21. Nf2 Bc6 22. Rd2 Rf6 23. Rfd1 Rg6 24. h4 Rf8 25. h5 Rh6 26. f4 exf4 27. exf4 Re6 28. Bf1 h6 29. Qc3 1/2-1/2

[Event "FICGS W-ch st1 g01 email"]
[Site "FICGS email"]
[Date "2008.01.08"]
[Round "1"]
[White "Lipsits, Sasha"]
[Black "Miranda, Marcus"]
[Result "0-1"]
[WhiteElo "1643"]
[BlackElo "1932"]
[PlyCount "124"]
[EventDate "2008.??.??"]
[EventType "tourn (corr)"]
[EventRounds "8"]
[SourceTitle "Corr 2022"]
[Source "ChessBase"]
[SourceDate "2021.10.24"]
[SourceVersion "1"]
[SourceVersionDate "2021.10.24"]
[SourceQuality "1"]

1. Nf3 d5 2. d4 Nf6 3. c4 e6 4. g3 dxc4 5. Bg2 a6 6. 0-0 Nc6 7. e3 Bd7 8. Nc3 Bd6 9. Qe2 b5 10. e4 e5 11. dxe5 Nxe5 12. Nxe5 Bxe5 13. f4 Bxc3 14. bxc3 c6 15. Ba3 Qb6+ 16. Kh1 h5 17. e5 Bg4 18. Qd2 Nd5 19. Bxd5 0-0-0 20. Bd6 cxd5 21. Qxd5 h4 22. gxh4 Rxh4 23. f5 Rh5 24. a4 Qb7 25. Qxb7+ Kxb7 26. f6 gxf6 27. axb5 axb5 28. Rxf6 Be6 29. Ra5 Rg5 30. Rxe6 fxe6 31. Rxb5+ Ka6 32. Rb4 Rdg8 33. Ra4+ Kb5 34. Rb4+ Ka5 35. Rb1 Rg2 36. h4 Ka6 37. Ra1+ Kb5 38. Rb1+ Kc6 39. Rb8 Rg1+ 40. Kh2 Rxb8 41. Kxg1 Rb3 42. h5 Rxc3 43. Kg2 Rc2+ 44. Kf3 Kd5 45. Kg4 c3 46. Ba3 Ra2 47. Bc1 Ra1 48. Bh6 c2 49. Kf3 c1Q 50. Bxc1 Rxc1 51. Kg3 Kxe5 52. Kf3 Kf5 53. Kg2 Kf4 54. h6 Rc8 55. Kf2 e5 56. Ke2 Rc2+ 57. Kd3 Rh2 58. Kc3 e4 59. Kc4 e3 60. Kd3 Rxh6 61. Kc3 Ke4 62. Kc2 Rd6 0-1

[Event "LSS CP-2007-P-00050"]
[Site "LSS email"]
[Date "2007.10.01"]
[Round "?"]
[White "Bonoldi, Fabio"]
[Black "Miranda, Marcus"]
[Result "1/2-1/2"]
[WhiteElo "1923"]
[BlackElo "1742"]
[PlyCount "64"]
[EventDate "2007.10.01"]
[EventType "tourn (corr)"]
[EventRounds "6"]
[EventCountry "GER"]
[SourceTitle "Corr 2011"]
[Source "ChessBase"]
[SourceDate "2010.08.31"]
[SourceVersion "1"]
[SourceVersionDate "2010.08.31"]
[SourceQuality "1"]

1. d4 Nf6 2. c4 e6 3. Nf3 b6 4. Nc3 Bb7 5. Bf4 Bb4 6. Bd2 0-0 7. e3 c5 8. dxc5 Bxc5 9. Bd3 Nc6 10. 0-0 d5 11. cxd5 Nb4 12. Be2 Nbxd5 13. a3 Qd7 14. Rc1 Rfd8 15. b4 Bd6 16. Qb3 Nxc3 17. Bxc3 Ne4 18. Be5 Bd5 19. Qb2 f6 20. Bxd6 Nxd6 21. Rfd1 Rac8 22. Nd4 Rxc1 23. Qxc1 Rc8 24. Qb1 e5 25. Nf3 Nb5 26. Bd3 g6 27. Qb2 Qc6 28. Bxb5 Qxb5 29. Rc1 Rc6 30. Nd2 Qd3 31. Rxc6 Bxc6 32. Qc1 Bb5 1/2-1/2

[Event "LSS CP-2007-P-00050"]
[Site "LSS email"]
[Date "2007.10.01"]
[Round "?"]
[White "Miranda, Marcus"]
[Black "Pott, Brian"]
[Result "1-0"]
[WhiteElo "1742"]
[BlackElo "1869"]
[PlyCount "89"]
[EventDate "2007.10.01"]
[EventType "tourn (corr)"]
[EventRounds "6"]
[EventCountry "GER"]
[SourceTitle "Corr 2011"]
[Source "ChessBase"]
[SourceDate "2010.08.31"]
[SourceVersion "1"]
[SourceVersionDate "2010.08.31"]
[SourceQuality "1"]

1. d4 Nf6 2. c4 g6 3. Nc3 Bg7 4. e4 d6 5. Nf3 0-0 6. Be2 e5 7. 0-0 Nc6 8. d5 Ne7 9. b4 Nh5 10. Re1 f5 11. Ng5 Nf6 12. Bf3 c6 13. Be3 f4 14. Bc1 h6 15. Ne6 Bxe6 16. dxe6 Nc8 17. b5 Qe8 18. bxc6 bxc6 19. c5 Qxe6 20. Ba3 dxc5 21. Na4 Nd6 22. Nxc5 Qe7 23. Qb3+ Kh7 24. Na6 Rfd8 25. Rac1 Qb7 26. Nb4 Nf7 27. Nxc6 Qxb3 28. axb3 Rd2 29. Bb4 Ra2 30. Ra1 Rxa1 31. Rxa1 Rc8 32. Nxa7 Rb8 33. Ra4 Ng5 34. h4 Ngxe4 35. Nc6 Rc8 36. Ra6 Re8 37. Ra2 Re6 38. Rc2 g5 39. Be2 Kh8 40. Ne7 Nd6 41. Rc7 Kh7 42. h5 Nde8 43. Rb7 e4 44. Nf5 Rc6 45. Bf8 1-0

[Event "LSS CP-2007-P-00050"]
[Site "LSS email"]
[Date "2007.10.01"]
[Round "?"]
[White "Nenciulescu, Silviu Catalin"]
[Black "Miranda, Marcus"]
[Result "0-1"]
[WhiteElo "2095"]
[BlackElo "1742"]
[PlyCount "58"]
[EventDate "2007.10.01"]
[EventType "tourn (corr)"]
[EventRounds "6"]
[EventCountry "GER"]
[SourceTitle "Corr 2011"]
[Source "ChessBase"]
[SourceDate "2010.08.31"]
[SourceVersion "1"]
[SourceVersionDate "2010.08.31"]
[SourceQuality "1"]

1. d4 Nf6 2. c4 e6 3. Nf3 d5 4. cxd5 exd5 5. Bg5 h6 6. Bf4 Bb4+ 7. Nc3 0-0 8. a3 Bxc3+ 9. bxc3 c5 10. e3 Qa5 11. Qb3 Nc6 12. Nd2 c4 13. Qb2 Nh5 14. Bg3 Nxg3 15. hxg3 Bf5 16. Be2 Rae8 17. a4 Re7 18. Ra3 Rd8 19. Kf1 Qc7 20. Kg1 Re6 21. Bf3 Na5 22. Rh5 Rb6 23. Qc1 g5 24. g4 Bd3 25. Bd1 Rdd6 26. Rh1 Rdc6 27. Bc2 Nb3 28. Qd1 Nxd2 29. Qxd2 Rb2 0-1

[Event "FICGS W-ch st1 g08 email"]
[Site "FICGS email"]
[Date "2007.07.11"]
[Round "1"]
[White "Domingo Gadea, Jordi"]
[Black "Miranda, Marcus"]
[Result "0-1"]
[WhiteElo "2232"]
[BlackElo "1841"]
[PlyCount "80"]
[EventDate "2007.??.??"]
[EventType "tourn (corr)"]
[EventRounds "8"]
[SourceTitle "Corr 2022"]
[Source "ChessBase"]
[SourceDate "2021.10.24"]
[SourceVersion "1"]
[SourceVersionDate "2021.10.24"]
[SourceQuality "1"]

1. e4 c5 2. Nf3 d6 3. d4 cxd4 4. Nxd4 Nf6 5. Nc3 a6 6. Be3 e6 7. Qd2 b5 8. f3 Nbd7 9. 0-0-0 Bb7 10. g4 Nb6 11. Qf2 Nfd7 12. Kb1 Rc8 13. Nce2 Qc7 14. Ng3 d5 15. e5 Nc4 16. f4 Bc5 17. Bc1 b4 18. h4 a5 19. Rh3 Qb6 20. Nge2 f6 21. f5 Ndxe5 22. Qg2 0-0 23. fxe6 Nd6 24. g5 Ne4 25. Be3 Nc4 26. Bg1 a4 27. Ka1 a3 28. b3 Ncd2 29. Rd3 Nxf1 30. Rf3 Qc7 31. gxf6 Rxf6 32. Rxf6 Nxf6 33. Qxf1 Ba6 34. Rc1 Rf8 35. Qg2 Ne4 36. h5 Qe5 37. c3 Qxh5 38. cxb4 Bxb4 39. Be3 Qe5 40. e7 Bxe7 0-1

[Event "FICGS W-ch st1 g08 email"]
[Site "FICGS email"]
[Date "2007.07.11"]
[Round "1"]
[White "Miranda, Marcus"]
[Black "Cirulis, Ilmars"]
[Result "1-0"]
[WhiteElo "1841"]
[BlackElo "1522"]
[PlyCount "27"]
[EventDate "2007.??.??"]
[EventType "tourn (corr)"]
[EventRounds "8"]
[SourceTitle "Corr 2022"]
[Source "ChessBase"]
[SourceDate "2021.10.24"]
[SourceVersion "1"]
[SourceVersionDate "2021.10.24"]
[SourceQuality "1"]

1. d4 Nf6 2. c4 g6 3. Nc3 Bg7 4. e4 0-0 5. Nf3 d6 6. Be2 c5 7. 0-0 cxd4 8. Nxd4 Bd7 9. Be3 Nc6 10. Qd2 Qc7 11. Rfd1 Rfc8 12. h3 Ne5 13. Rac1 Qa5 14. c5 1-0

[Event "FICGS W-ch st1 g08 email"]
[Site "FICGS email"]
[Date "2007.07.11"]
[Round "1"]
[White "Miranda, Marcus"]
[Black "Hoogland, Mike"]
[Result "1-0"]
[WhiteElo "1841"]
[BlackElo "1700"]
[PlyCount "57"]
[EventDate "2007.??.??"]
[EventType "tourn (corr)"]
[EventRounds "8"]
[SourceTitle "Corr 2022"]
[Source "ChessBase"]
[SourceDate "2021.10.24"]
[SourceVersion "1"]
[SourceVersionDate "2021.10.24"]
[SourceQuality "1"]

1. d4 Nf6 2. c4 e6 3. Nf3 b6 4. g3 c5 5. Bg2 Bb7 6. d5 exd5 7. Ng5 h6 8. Nh3 Na6 9. Nc3 Nc7 10. 0-0 b5 11. cxd5 d6 12. e4 Be7 13. a3 0-0 14. b4 c4 15. Nf4 Nd7 16. Nce2 Ne5 17. Bb2 Bc8 18. Bc3 Bd7 19. Nd4 Ne8 20. a4 a6 21. axb5 axb5 22. Qd2 Nf6 23. Ra5 Rxa5 24. bxa5 Qc7 25. Nf5 Bxf5 26. exf5 Qc8 27. Rb1 Qxf5 28. Rxb5 Ra8 29. Qb2 1-0

[Event "FICGS W-ch st1 g08 email"]
[Site "FICGS email"]
[Date "2007.07.11"]
[Round "1"]
[White "Miranda, Marcus"]
[Black "Orden, Jorge"]
[Result "1-0"]
[WhiteElo "1841"]
[BlackElo "1251"]
[PlyCount "33"]
[EventDate "2007.??.??"]
[EventType "tourn (corr)"]
[EventRounds "8"]
[SourceTitle "Corr 2022"]
[Source "ChessBase"]
[SourceDate "2021.10.24"]
[SourceVersion "1"]
[SourceVersionDate "2021.10.24"]
[SourceQuality "1"]

1. d4 d5 2. c4 e6 3. Nf3 Bb4+ 4. Bd2 Bxd2+ 5. Nbxd2 Nf6 6. e3 0-0 7. Bd3 b6 8. 0-0 Bb7 9. Rc1 Nbd7 10. cxd5 exd5 11. b4 Re8 12. b5 a6 13. Qc2 Ne4 14. Qxc7 Nxd2 15. Nxd2 Bc8 16. Qc6 Nb8 17. Qxa8 1-0